• 首页
  • 本馆介绍
  • 公告通知
  • 最新文献
  • 馆藏检索
  • 电子资源
  • 读者导购
  • 参考咨询
  • 我的图书馆
  • 登录
  • 详细信息显示
  • 放入我的书架
  • 预约/预借图书
  • 作者相关作品
  • 分类相关作品
  • 丛书相关作品
  • 出版社相关作品

书目信息

  • 表格格式
  • 工作单格式
  • 卡片格式
题名:
聚焦卫生改革
    
 
作者: 周良荣 著
分册:  
出版信息: 北京   中国社会科学出版社  2003
页数: 396页
开本: 21cm
丛书名:
单 册:
中图分类: R197.1
科图分类:
主题词: 医疗保健制度--体制改革--研究--中国 , 医疗保健制度 , 体制改革
电子资源:
ISBN: 7-5004-3970-9
000 00793nam0 2200241 450
001 1538720622
005 20150130104550.81
010    @a7-5004-3970-9@dCNY29.00
100    @a20030822d2003 em y0chiy50 ea
101 0  @achi
102    @aCN@b110000
105    @ay z 000yy
200 1  @a聚焦卫生改革@9ju jiao wei sheng gai ge@f周良荣等著
210    @a北京@c中国社会科学出版社@d2003
215    @a396页@d21cm
330    @a本书阐述了卫生改革55年来的整体绩效,区域卫生规划,医院产权制度改革,医疗服务价格调整,卫生人力市场建设,医院后勤服务社会化等内容。
606 0  @a医疗保健制度@x体制改革@x研究@y中国
606 0  @a医疗保健制度
606 0  @a体制改革
690    @aR197.1@v5
701  0 @a周良荣@9zhou liang rong@f(1963~)@4著
801  0 @aCN@bTSSF@c20150130
905    @aZUCC@dR197.1@eJY355
    
    聚焦卫生改革/周良荣等著.-北京:中国社会科学出版社,2003
    396页;21cm
    
    
    ISBN 7-5004-3970-9:CNY29.00
    本书阐述了卫生改革55年来的整体绩效,区域卫生规划,医院产权制度改革,医疗服务价格调整,卫生人力市场建设,医院后勤服务社会化等内容。
●
相关链接 在E读中查询图书 在五车中查询图书 在当当中查询图书 在豆瓣中查询图书


正题名:聚焦卫生改革     索取号:R197.1/JY355         预约/预借

序号 登录号 条形码 馆藏地/架位号 状态 备注
1 7862395   278623955   学院路分馆/ [索取号:R197.1/JY355] 在馆    
2 7862396   278623964   学院路分馆/ [索取号:R197.1/JY355] 在馆    
3 7862397   278623973   学院路分馆/ [索取号:R197.1/JY355] 在馆    
唐山师范学院图书馆 欢迎您!
大连网信软件有限公司© 版权所有